हिंदी उपन्यास की विकास यात्रा / (Record no. 112358)
[ view plain ]
| 000 -LEADER | |
|---|---|
| fixed length control field | 01116nam a22002537a 4500 |
| 005 - DATE AND TIME OF LATEST TRANSACTION | |
| control field | 20170124102937.0 |
| 010 ## - LIBRARY OF CONGRESS CONTROL NUMBER | |
| LC control number | B-004038 |
| 020 ## - INTERNATIONAL STANDARD BOOK NUMBER | |
| Terms of availability | 150.00 |
| International Standard Book Number | 8186265384 |
| 035 ## - SYSTEM CONTROL NUMBER | |
| System control number | B-004038 |
| 037 ## - SOURCE OF ACQUISITION | |
| Source of stock number/acquisition | Cen Lib/Ret |
| 040 ## - CATALOGING SOURCE | |
| Original cataloging agency | DPL |
| Language of cataloging | HN |
| 082 ## - DEWEY DECIMAL CLASSIFICATION NUMBER | |
| Classification number | 823.08 |
| Item number | शर्माब्रा |
| 100 ## - MAIN ENTRY--PERSONAL NAME | |
| Personal name | शर्मा, ब्रह्मस्वरूप |
| 9 (RLIN) | 42758 |
| 245 ## - TITLE STATEMENT | |
| Title | हिंदी उपन्यास की विकास यात्रा / |
| Statement of responsibility, etc | ब्रह्मस्वरूप शर्मा |
| 246 ## - VARYING FORM OF TITLE | |
| Title proper/short title | Hindi upanyas ki vikas yatra / |
| Remainder of title | byBrahmswrup Sharma |
| 260 ## - PUBLICATION, DISTRIBUTION, ETC. (IMPRINT) | |
| Place of publication, distribution, etc | दिल्ली |
| Name of publisher, distributor, etc | मनु प्रकाशन |
| Date of publication, distribution, etc | 2000 |
| 270 ## - ADDRESS | |
| City | दिल्ली |
| Address | 1/6678, गली न. 3, पूर्वी रोहतास नगर |
| Postal code | 110032 |
| 300 ## - PHYSICAL DESCRIPTION | |
| Extent | 151पृ. |
| Dimensions | 19सेमी(सजिल्द ) |
| 650 ## - SUBJECT ADDED ENTRY--TOPICAL TERM | |
| Topical term or geographic name as entry element | हिंदी साहित्य |
| General subdivision | |
| 9 (RLIN) | 105762 |
| 650 ## - SUBJECT ADDED ENTRY--TOPICAL TERM | |
| Topical term or geographic name as entry element | हिंदी उपन्यास |
| 9 (RLIN) | 105763 |
| 650 ## - SUBJECT ADDED ENTRY--TOPICAL TERM | |
| Topical term or geographic name as entry element | Hindi novel |
| 9 (RLIN) | 105764 |
| 650 ## - SUBJECT ADDED ENTRY--TOPICAL TERM | |
| Topical term or geographic name as entry element | Fiction |
| 9 (RLIN) | 8901 |
| 942 ## - ADDED ENTRY ELEMENTS (KOHA) | |
| Source of classification or shelving scheme | Dewey Decimal Classification |
| Koha item type | Hindi Books |
| Classification part | 823.08 |
| Call number suffix | शर्माब्रा |
| Withdrawn status | Lost status | Damaged status | Not for loan | Home library | Current library | Date acquired | Source of acquisition | Cost, normal purchase price | Total Checkouts | Total Renewals | Full call number | Barcode | Date last seen | Date checked out | Copy number | Cost, replacement price | Price effective from | Koha item type | Source of classification or shelving scheme | Collection code |
|---|---|---|---|---|---|---|---|---|---|---|---|---|---|---|---|---|---|---|---|---|
| Central Library | Central Library | 07/08/2015 | Cen Lib/Ret | 150.00 | 4 | 3 | 823.08 शर्माब्रा | B-004038 | 18/03/2024 | 17/02/2024 | 1 | 150.00 | 07/08/2015 | Hindi Books | ||||||
| Shahdara Branch | Shahdara Branch | 26/12/2018 | BPPD/PUB | 150.00 | 823.08 शर्माब्रा | B-004042 | 26/12/2018 | 150.00 | 26/12/2018 | Hindi Books | Dewey Decimal Classification | Non-fiction |
